000 00581nam a2200217 a 4500
001 0001-2051
003 ELIB.Books
008 190716 2010 eng
020 _aKBTS
092 _a658.4
_bHar
100 _aHarvard
245 _aHarvard Business Review On Leading Through Change
260 _aBoston
_bHarvard Business School Publishing Corporation
_c2006
300 _a178
_c21 Cm
650 _aBusiness
856 _nKBTS Library
_uKBTS Elib
942 _2ddc
_cBK
990 _a1
998 _aEnglishbooks.elf
_ccat
_e2019-07-16
999 _c12051
_d12051